[Event "GER-ch Youth U16W 2020"]
[Site "Willingen"]
[Date "2020.10.23"]
[Round "5.6"]
[White "Basovskiy, Jana"]
[Black "Doll, Rebecca"]
[Result "1/2-1/2"]
[WhiteElo "1760"]
[BlackElo "1808"]
[Annotator "NA RC"]
[PlyCount "71"]
[EventDate "2020.10.20"]
[EventType "swiss"]
[EventRounds "7"]
[EventCountry "GER"]
[SourceTitle "playchess.com"]
[Source "ChessBase"]
[SourceQuality "1"]
[TimeControl "40/5400+30:1800+30"]

{[%evp 24,68,-16,-14,-10,-1,11,0,0,0,0,-9,-11,32767,0,-10,-14,-31,32767,-10,0,-8,0,-29,0,-35,-20,32767,32767,32767,-10,-26,0,32767,32767,32767,32767,32767,32767,32767,32767,0,32767,0,0,0,-3]} 1. e4 {[%emt 0:00:00]} e5 {[%emt 0:00:00]} 2. Nf3 {[%emt 0:00:00]} Nc6 {[%emt 0:00:00]} 3. Bb5 {[%emt 0:00:00]} a6 {[%emt 0:00:00]} 4. Bxc6 {[%emt 0:00:00]} dxc6 {[%emt 0:00:00]} 5. O-O {[%emt 0:00:00]} Bg4 {[%emt 0:00:26]} 6. h3 {[%emt 0:00:00]} h5 {[%emt 0:00:10]} 7. d3 {[%emt 0:00:03]} Qf6 {[%emt 0:00:42]} 8. Be3 {[%emt 0:00:11]} Bxf3 {[%emt 0:01:43]} 9. Qxf3 {[%emt 0:00:05]} Qxf3 {[%emt 0:00:14]} 10. gxf3 {[%emt 0:00:02]} Bd6 {[%emt 0:00:56]} 11. Nd2 {[%emt 0:00:09]} Ne7 {[%emt 0:02:07]} 12. Rfd1 {[%emt 0:00:14] C68: Ruy Lopez: Exchange Variation, sidelines.} Ng6 {[%emt 0:03:55]} 13. Kf1 {[%emt 0:00:23]} O-O-O {[%emt 0:11:24]} 14. Nc4 {[%emt 0:05:35] [#]} Rhf8 $146 {[%emt 0:12:53]} ({Predecessor:} 14... f6 15. c3 Nf8 16. b4 Ne6 17. a4 Rhf8 18. Ke2 b6 19. Nxd6+ Rxd6 20. a5 Kb7 {1-0 (54) Oleksienko,M (2552)-Kravtsiv,M (2566) New Delhi 2011}) 15. d4 {[%emt 0:23:01]} exd4 {[%emt 0:12:28]} 16. Rxd4 {[%emt 0:00:44]} Bf4 {[%emt 0:01:35]} 17. Rad1 {[%emt 0:03:19]} Rxd4 {[%emt 0:03:17]} 18. Bxd4 {[%emt 0:07:48]} Rd8 {[%emt 0:03:05]} 19. Ke2 {[%emt 0:02:25]} f6 {[%emt 0:02:40]} 20. c3 {[%emt 0:14:03]} Bg5 {[%emt 0:10:09]} 21. Be3 {[%emt 0:05:43]} Nf4+ {[%emt 0:07:48]} 22. Bxf4 $1 {[%emt 0:04:43]} Bxf4 {[%emt 0:03:24]} 23. Ne3 {[%emt 0:02:26]} g5 {[%emt 0:03:09]} 24. Nf5 {[%emt 0:10:08]} Rxd1 {[%emt 0:00:52]} 25. Kxd1 Kd7 {[%emt 0:00:40]} 26. Ng3 {[%emt 0:03:41]} h4 {[%emt 0:01:03]} 27. Ne2 {[%emt 0:00:05]} Bd6 {[%emt 0:03:38]} 28. Nc1 {[%emt 0:01:34]} c5 {[%emt 0:04:41]} 29. c4 {[%emt 0:05:01]} Bf4 {[%emt 0:00:52]} 30. Nd3 {[%emt 0:00:40]} Kd6 {[%emt 0:00:49]} 31. Ke2 {[%emt 0:04:23]} b5 {[%emt 0:09:19]} 32. b3 {[%emt 0:00:07]} Kc6 {[%emt 0:00:19]} 33. Kd1 {[%emt 0:01:57]} Kb6 {[%emt 0:00:38]} 34. Ke2 {[%emt 0:01:08]} c6 $11 {[%emt 0:00:45]} 35. Kd1 {[%emt 0:04:35]} a5 {[%emt 0:00:04]} 36. a4 1/2-1/2

[Event "GER-ch Youth U16W 2020"]
[Site "Willingen"]
[Date "2020.10.23"]
[Round "5.7"]
[White "Falke, Ornella"]
[Black "Klahold, Rona"]
[Result "1-0"]
[WhiteElo "1500"]
[BlackElo "1551"]
[Annotator "NA RC"]
[PlyCount "27"]
[EventDate "2020.10.20"]
[EventType "swiss"]
[EventRounds "7"]
[EventCountry "GER"]
[SourceTitle "playchess.com"]
[Source "ChessBase"]
[SourceQuality "1"]
[TimeControl "40/5400+30:1800+30"]

1. e4 {[%emt 0:00:00]} e5 {[%emt 0:00:00]} 2. Nf3 {[%emt 0:00:00]} Nc6 {[%emt 0:00:00]} 3. Bc4 {[%emt 0:00:00]} Bc5 {[%emt 0:00:00]} 4. b4 {[%emt 0:00:04]} Bxb4 {[%emt 0:00:52]} 5. c3 {[%emt 0:00:07]} Ba5 {[%emt 0:03:33]} 6. d4 {[%emt 0:01:06]} exd4 {[%emt 0:00:57]} 7. O-O {[%emt 0:04:51]} dxc3 {[%emt 0:03:46]} 8. Qb3 {[%emt 0:01:57]} Qe7 {[%emt 0:01:20]} 9. Nxc3 {[%emt 0:07:35]} d6 {[%emt 0:08:22]} 10. e5 {[%emt 0:20:29]} dxe5 {[%emt 0:19:59]} 11. Ba3 {[%emt 0:01:38]} Bb4 {[%emt 0:05:45]} 12. Nd5 {[%emt 0:01:41]} Qd6 {[%emt 0:04:08]} 13. Nxb4 {[%emt 0:01:54]} Nxb4 {[%emt 0:09:10]} 14. Bxf7+ {[%emt 0:00:53]} 1-0

[Event "GER-ch Youth U16W 2020"]
[Site "Willingen"]
[Date "2020.10.23"]
[Round "5.8"]
[White "Yue, Qizhou"]
[Black "Cheredzhiyska, Iva"]
[Result "1-0"]
[WhiteElo "1775"]
[BlackElo "1674"]
[Annotator "NA RC"]
[PlyCount "63"]
[EventDate "2020.10.20"]
[EventType "swiss"]
[EventRounds "7"]
[EventCountry "GER"]
[SourceTitle "playchess.com"]
[Source "ChessBase"]
[SourceQuality "1"]
[TimeControl "40/5400+30:1800+30"]

1. e4 {[%emt 0:00:00]} e5 {[%emt 0:00:00]} 2. Nf3 {[%emt 0:00:00]} Nc6 {[%emt 0:00:00]} 3. Nc3 {[%emt 0:00:00]} Nf6 {[%emt 0:00:24]} 4. d4 {[%emt 0:00:00]} exd4 {[%emt 0:00:26]} 5. Nxd4 {[%emt 0:00:04]} Bb4 {[%emt 0:00:26]} 6. Nxc6 {[%emt 0:00:30]} bxc6 {[%emt 0:00:10]} 7. Bd3 {[%emt 0:00:18]} O-O {[%emt 0:03:14]} 8. O-O {[%emt 0:00:24]} Re8 {[%emt 0:02:35]} 9. Re1 {[%emt 0:23:55]} d5 {[%emt 0:05:20]} 10. exd5 {[%emt 0:04:52]} Rxe1+ {[%emt 0:01:58]} 11. Qxe1 {[%emt 0:00:08]} cxd5 {[%emt 0:00:43]} 12. Bg5 {[%emt 0:06:02]} Bb7 {[%emt 0:15:06]} 13. Bxf6 {[%emt 0:06:16]} Qxf6 {[%emt 0:11:48]} 14. Nxd5 {[%emt 0:00:56]} Qg5 {[%emt 0:00:44]} 15. Qxb4 {[%emt 0:00:36]} Qxd5 {[%emt 0:00:21]} 16. f3 {[%emt 0:00:49]} c5 {[%emt 0:05:25]} 17. Qh4 {[%emt 0:14:12]} g6 {[%emt 0:04:53]} 18. Re1 {[%emt 0:04:55]} Qxa2 {[%emt 0:15:37]} 19. b3 {[%emt 0:01:57]} Qb2 {[%emt 0:03:36]} 20. Bc4 {[%emt 0:05:38]} Bc6 {[%emt 0:04:27]} 21. Bxf7+ {[%emt 0:15:04]} Kg7 {[%emt 0:00:32]} 22. Bc4 {[%emt 0:02:43]} Qd4+ {[%emt 0:03:11]} 23. Qxd4+ {[%emt 0:00:09]} cxd4 {[%emt 0:00:06]} 24. Rd1 {[%emt 0:00:15]} Rd8 {[%emt 0:02:00]} 25. Ra1 {[%emt 0:01:43]} Rd7 {[%emt 0:01:52]} 26. Ra6 {[%emt 0:01:46]} Ba8 {[%emt 0:01:05]} 27. Kf2 {[%emt 0:00:14]} Kf8 {[%emt 0:02:18]} 28. Ke2 {[%emt 0:02:53]} Bb7 {[%emt 0:03:35]} 29. Ra5 {[%emt 0:01:37]} Bc8 {[%emt 0:03:17]} 30. Kd2 {[%emt 0:02:10]} a6 {[%emt 0:01:31]} 31. Be6 {[%emt 0:00:20]} Rc7 {[%emt 0:06:11]} 32. Bxc8 {[%emt 0:00:08]} 1-0

[Event "GER-ch Youth U16W 2020"]
[Site "Willingen"]
[Date "2020.10.23"]
[Round "5.9"]
[White "Schneider, Katharina"]
[Black "Dohon, Maria-Johanna"]
[Result "1/2-1/2"]
[WhiteElo "1779"]
[BlackElo "1536"]
[Annotator "NA RC"]
[PlyCount "75"]
[EventDate "2020.10.20"]
[EventType "swiss"]
[EventRounds "7"]
[EventCountry "GER"]
[SourceTitle "playchess.com"]
[Source "ChessBase"]
[SourceQuality "1"]
[TimeControl "40/5400+30:1800+30"]

1. e4 {[%emt 0:00:00]} c6 {[%emt 0:00:00]} 2. c4 {[%emt 0:00:00]} d5 {[%emt 0:00:18]} 3. exd5 {[%emt 0:00:00]} cxd5 {[%emt 0:00:06]} 4. cxd5 {[%emt 0:00:00]} Nf6 {[%emt 0:00:32]} 5. Nc3 {[%emt 0:00:00]} Nxd5 {[%emt 0:00:53]} 6. Nf3 {[%emt 0:00:00]} Nxc3 {[%emt 0:01:36]} 7. bxc3 {[%emt 0:00:42]} Nc6 {[%emt 0:01:40]} 8. d4 {[%emt 0:14:09]} e6 {[%emt 0:05:28]} 9. Bd3 {[%emt 0:05:04]} Bd6 {[%emt 0:01:27]} 10. O-O {[%emt 0:01:56]} h6 {[%emt 0:01:59]} 11. Re1 {[%emt 0:05:09]} O-O {[%emt 0:02:38]} 12. Ne5 {[%emt 0:06:58]} Nxe5 {[%emt 0:03:43]} 13. dxe5 {[%emt 0:00:17]} Bc5 {[%emt 0:04:06]} 14. Qf3 {[%emt 0:07:51]} f5 {[%emt 0:16:08]} 15. Qg3 {[%emt 0:08:50]} Kh8 {[%emt 0:03:48]} 16. Rd1 {[%emt 0:20:56]} Qe7 {[%emt 0:08:12]} 17. Bc2 {[%emt 0:06:15]} Bd7 {[%emt 0:03:58]} 18. Qh3 {[%emt 0:03:32]} Rf7 {[%emt 0:08:07]} 19. Qh5 {[%emt 0:02:51]} Bb5 {[%emt 0:03:37]} 20. a4 {[%emt 0:00:59]} Bc4 {[%emt 0:01:45]} 21. Bd3 {[%emt 0:01:45]} Bd5 {[%emt 0:01:38]} 22. c4 {[%emt 0:02:41]} Bc6 {[%emt 0:00:14]} 23. Bb2 {[%emt 0:03:47]} Kg8 {[%emt 0:03:01]} 24. Qg6 {[%emt 0:00:49]} Qg5 {[%emt 0:04:24]} 25. Qxg5 {[%emt 0:00:34]} hxg5 {[%emt 0:00:08]} 26. Kf1 {[%emt 0:01:08]} Rd7 {[%emt 0:03:55]} 27. Bc2 {[%emt 0:00:43]} Rad8 {[%emt 0:00:16]} 28. Rxd7 {[%emt 0:01:47]} Rxd7 {[%emt 0:00:26]} 29. Rd1 {[%emt 0:00:08]} Rxd1+ {[%emt 0:00:37]} 30. Bxd1 {[%emt 0:00:07]} g6 {[%emt 0:01:19]} 31. f3 {[%emt 0:00:42]} Kf7 {[%emt 0:00:20]} 32. Ke2 {[%emt 0:01:19]} a6 {[%emt 0:01:04]} 33. Kd3 {[%emt 0:00:16]} Ke8 {[%emt 0:03:01]} 34. Bd4 {[%emt 0:01:11]} Bb4 {[%emt 0:02:32]} 35. c5 {[%emt 0:01:25]} Ba5 {[%emt 0:00:44]} 36. Bb3 {[%emt 0:01:22]} Kd7 {[%emt 0:01:17]} 37. h3 {[%emt 0:00:18]} Bc7 {[%emt 0:00:44]} 38. Bd1 {[%emt 0:00:50]} 1/2-1/2

[Event "GER-ch Youth U16W 2020"]
[Site "Willingen"]
[Date "2020.10.23"]
[Round "5.10"]
[White "Schwegler, Jelena"]
[Black "Jacoby, Angelina"]
[Result "1/2-1/2"]
[WhiteElo "1539"]
[BlackElo "1630"]
[Annotator "NA RC"]
[PlyCount "79"]
[EventDate "2020.10.20"]
[EventType "swiss"]
[EventRounds "7"]
[EventCountry "GER"]
[SourceTitle "playchess.com"]
[Source "ChessBase"]
[SourceQuality "1"]
[TimeControl "40/5400+30:1800+30"]

1. e4 {[%emt 0:00:00]} d5 {[%emt 0:00:00]} 2. exd5 {[%emt 0:00:00]} Qxd5 {[%emt 0:00:00]} 3. Nc3 {[%emt 0:00:00]} Qd8 {[%emt 0:00:00]} 4. d4 {[%emt 0:00:00]} Nf6 {[%emt 0:00:00]} 5. Nf3 {[%emt 0:00:26]} Bg4 {[%emt 0:00:21]} 6. h3 {[%emt 0:00:12]} Bxf3 {[%emt 0:00:16]} 7. Qxf3 c6 8. Bf4 {[%emt 0:00:40]} e6 {[%emt 0:00:46]} 9. O-O-O {[%emt 0:00:19]} Nbd7 {[%emt 0:00:44]} 10. Bc4 {[%emt 0:00:51]} Bb4 {[%emt 0:03:18]} 11. g4 {[%emt 0:02:21]} Nb6 {[%emt 0:06:01]} 12. Bb3 {[%emt 0:04:19]} Nfd5 {[%emt 0:02:22]} 13. Nxd5 {[%emt 0:01:35]} cxd5 {[%emt 0:06:52]} 14. c3 {[%emt 0:01:53]} Rc8 {[%emt 0:03:51]} 15. Bc2 {[%emt 0:01:59]} Bd6 {[%emt 0:00:49]} 16. Bd3 {[%emt 0:00:53]} a6 {[%emt 0:01:14]} 17. g5 {[%emt 0:02:12]} Nc4 {[%emt 0:01:24]} 18. Bxc4 {[%emt 0:01:28]} Rxc4 {[%emt 0:02:51]} 19. Bxd6 {[%emt 0:06:40]} Qxd6 {[%emt 0:00:22]} 20. Qe3 {[%emt 0:01:34]} b5 {[%emt 0:03:37]} 21. Qe5 {[%emt 0:03:14]} Qxe5 {[%emt 0:04:23]} 22. dxe5 {[%emt 0:00:10]} Ke7 {[%emt 0:05:04]} 23. Rd4 {[%emt 0:03:58]} Rhc8 {[%emt 0:01:51]} 24. Rhd1 {[%emt 0:00:51]} b4 {[%emt 0:00:45]} 25. Rxc4 {[%emt 0:01:02]} Rxc4 {[%emt 0:04:51]} 26. Rd4 {[%emt 0:00:18]} Rxd4 {[%emt 0:14:02]} 27. cxd4 {[%emt 0:00:06]} Kd7 {[%emt 0:00:09]} 28. Kc2 {[%emt 0:01:21]} Kc6 {[%emt 0:00:10]} 29. Kb3 {[%emt 0:01:32]} Kb5 30. a4+ {[%emt 0:01:56]} bxa3 {[%emt 0:07:28]} 31. bxa3 {[%emt 0:00:12]} a5 {[%emt 0:00:29]} 32. a4+ {[%emt 0:01:01]} Kc6 {[%emt 0:00:33]} 33. Kc3 {[%emt 0:00:20]} Kd7 {[%emt 0:00:13]} 34. Kd3 {[%emt 0:00:05]} Ke7 {[%emt 0:00:21]} 35. Ke3 {[%emt 0:00:14]} f6 {[%emt 0:01:27]} 36. f4 {[%emt 0:00:40]} Kf7 {[%emt 0:02:04]} 37. gxf6 {[%emt 0:04:55]} gxf6 {[%emt 0:00:29]} 38. Kf3 {[%emt 0:00:24]} Kg6 {[%emt 0:03:18]} 39. Kg4 {[%emt 0:06:58]} f5+ {[%emt 0:03:20]} 40. Kg3 {[%emt 0:01:44]} 1/2-1/2

[Event "GER-ch Youth U16W 2020"]
[Site "Willingen"]
[Date "2020.10.23"]
[Round "6.1"]
[White "Reuter, Elisa"]
[Black "Butenandt, Svenja"]
[Result "1/2-1/2"]
[WhiteElo "1860"]
[BlackElo "1986"]
[Annotator "ChessBase"]
[PlyCount "64"]
[EventDate "2020.10.20"]
[EventType "swiss"]
[EventRounds "7"]
[EventCountry "GER"]
[SourceTitle "playchess.com"]
[Source "ChessBase"]
[SourceQuality "1"]
[TimeControl "40/5400+30:1800+30"]

1. e4 {[%emt 0:00:00]} c5 {[%emt 0:00:00]} 2. Nf3 {[%emt 0:00:00]} e6 {[%emt 0:00:00]} 3. d4 {[%emt 0:00:00]} cxd4 {[%emt 0:00:00]} 4. Nxd4 {[%emt 0:00:00]} a6 {[%emt 0:00:00]} 5. Bd3 {[%emt 0:00:00]} Qc7 {[%emt 0:00:00]} 6. O-O {[%emt 0:00:00]} Nf6 {[%emt 0:00:00]} 7. Qe2 {[%emt 0:00:00]} d6 {[%emt 0:00:06]} 8. f4 {[%emt 0:01:49]} g6 {[%emt 0:00:38]} 9. f5 {[%emt 0:04:07]} Bg7 {[%emt 0:13:26]} 10. c3 {[%emt 0:04:54]} O-O {[%emt 0:02:09]} 11. g4 {[%emt 0:19:55]} exf5 {[%emt 0:11:22]} 12. exf5 {[%emt 0:01:10]} Re8 {[%emt 0:00:55]} 13. Qf3 {[%emt 0:01:12]} d5 {[%emt 0:06:22]} 14. Bf4 {[%emt 0:14:52]} Qb6 {[%emt 0:01:42]} 15. Bxb8 {[%emt 0:06:31]} Rxb8 {[%emt 0:13:35]} 16. fxg6 {[%emt 0:01:54]} fxg6 {[%emt 0:01:42]} 17. g5 {[%emt 0:05:28]} Bg4 {[%emt 0:00:58]} 18. Qg3 {[%emt 0:03:43]} Ne4 {[%emt 0:01:54]} 19. Bxe4 {[%emt 0:00:12]} Bxd4+ {[%emt 0:00:40]} 20. cxd4 {[%emt 0:02:18]} Qxd4+ {[%emt 0:00:09]} 21. Qf2 {[%emt 0:01:06]} Qxf2+ {[%emt 0:00:36]} 22. Rxf2 {[%emt 0:00:15]} dxe4 {[%emt 0:00:36]} 23. Nc3 {[%emt 0:00:37]} Rbd8 {[%emt 0:07:41]} 24. Re1 {[%emt 0:01:28]} Bf5 {[%emt 0:07:11]} 25. Re3 {[%emt 0:03:33]} b5 {[%emt 0:07:13]} 26. a3 {[%emt 0:00:53]} Rd3 {[%emt 0:04:38]} 27. Rfe2 {[%emt 0:02:26]} Rxe3 {[%emt 0:00:29]} 28. Rxe3 {[%emt 0:00:03]} Kg7 {[%emt 0:03:55]} 29. Kf2 {[%emt 0:01:13]} h6 {[%emt 0:01:36]} 30. h4 {[%emt 0:00:51]} hxg5 {[%emt 0:01:47]} 31. hxg5 {[%emt 0:00:02]} Kf7 {[%emt 0:02:58]} 32. Kg3 {[%emt 0:01:07]} Rh8 {[%emt 0:07:27]} 1/2-1/2

[Event "GER-ch Youth U16W 2020"]
[Site "Willingen"]
[Date "2020.10.23"]
[Round "6.2"]
[White "Brunner, Sophia"]
[Black "Rudolph, Eva"]
[Result "1-0"]
[WhiteElo "1850"]
[BlackElo "1836"]
[Annotator "NA"]
[PlyCount "119"]
[EventDate "2020.10.20"]
[EventType "swiss"]
[EventRounds "7"]
[EventCountry "GER"]
[SourceTitle "playchess.com"]
[Source "ChessBase"]
[SourceQuality "1"]
[TimeControl "40/5400+30:1800+30"]

1. d4 {[%emt 0:00:00]} d5 {[%emt 0:00:00]} 2. Nf3 {[%emt 0:00:00]} Nf6 {[%emt 0:00:00]} 3. c4 {[%emt 0:00:00]} e6 {[%emt 0:00:27]} 4. Nc3 {[%emt 0:00:03]} c5 {[%emt 0:06:07]} 5. Bf4 {[%emt 0:19:48]} a6 {[%emt 0:10:55]} 6. e3 {[%emt 0:04:22]} Nc6 {[%emt 0:03:08]} 7. dxc5 {[%emt 0:05:48]} Qa5 {[%emt 0:12:50]} 8. Nd2 {[%emt 0:28:46]} Qxc5 {[%emt 0:14:55]} 9. Nb3 {[%emt 0:02:48]} Qb6 {[%emt 0:03:03]} 10. Be2 {[%emt 0:08:34]} Be7 {[%emt 0:05:14]} 11. O-O {[%emt 0:00:53]} dxc4 {[%emt 0:03:21]} 12. Bxc4 {[%emt 0:00:10]} O-O {[%emt 0:00:23]} 13. Qe2 {[%emt 0:02:58]} Na5 {[%emt 0:03:00]} 14. Nxa5 {[%emt 0:01:27]} Qxa5 {[%emt 0:00:07]} 15. e4 {[%emt 0:02:18]} b5 {[%emt 0:05:54]} 16. Bd3 {[%emt 0:01:24]} b4 {[%emt 0:05:06]} 17. Nb1 {[%emt 0:11:22]} e5 {[%emt 0:01:29]} 18. Bg3 {[%emt 0:01:23]} Re8 {[%emt 0:10:05]} 19. Nd2 {[%emt 0:00:42]} Bd6 {[%emt 0:08:06]} 20. Nc4 {[%emt 0:00:27]} Qd8 {[%emt 0:01:48]} 21. Rfd1 {[%emt 0:02:46]} Bb8 {[%emt 0:00:20]} 22. Ne3 {[%emt 0:00:34]} Qa5 {[%emt 0:00:47]} 23. Bh4 {[%emt 0:00:43]} Nd7 {[%emt 0:00:43]} 24. Bc4 {[%emt 0:01:26]} Nb6 {[%emt 0:00:39]} 25. Bb3 {[%emt 0:00:48]} Ba7 {[%emt 0:01:00]} 26. Nd5 {[%emt 0:02:33]} Nxd5 {[%emt 0:00:57]} 27. Bxd5 {[%emt 0:00:28]} Rb8 {[%emt 0:01:52]} 28. Qc4 {[%emt 0:00:40]} Be6 {[%emt 0:00:27]} 29. Bxe6 {[%emt 0:00:15]} Rxe6 {[%emt 0:00:24]} 30. Rd5 {[%emt 0:00:16]} Qb6 {[%emt 0:01:05]} 31. Rad1 {[%emt 0:00:20]} h6 {[%emt 0:00:20]} 32. Kh1 {[%emt 0:00:55]} Rc6 {[%emt 0:00:49]} 33. Qb3 {[%emt 0:00:37]} Re6 {[%emt 0:00:26]} 34. Qf3 {[%emt 0:00:42]} g5 {[%emt 0:00:33]} 35. Bg3 {[%emt 0:00:19]} Rbe8 {[%emt 0:00:31]} 36. h3 {[%emt 0:00:46]} Rf6 {[%emt 0:00:26]} 37. Qe2 {[%emt 0:00:29]} Rfe6 {[%emt 0:00:16]} 38. Qg4 {[%emt 0:00:23]} Qc6 {[%emt 0:00:37]} 39. Qe2 {[%emt 0:00:29]} Bd4 {[%emt 0:00:20]} 40. f3 {[%emt 0:00:38]} Qc7 {[%emt 0:00:56]} 41. R5xd4 {[%emt 0:30:25]} Qa5 {[%emt 0:01:40]} 42. Rc4 {[%emt 0:00:00]} Rb8 {[%emt 0:00:56]} 43. b3 {[%emt 0:00:00]} Qb5 {[%emt 0:06:45]} 44. Rd5 {[%emt 0:00:00]} Qe8 {[%emt 0:00:53]} 45. Qd2 {[%emt 0:00:00]} Qe7 {[%emt 0:02:59]} 46. Rd7 {[%emt 0:00:00]} Qe8 {[%emt 0:00:53]} 47. Rd5 {[%emt 0:00:00]} Qe7 {[%emt 0:00:26]} 48. Qb2 {[%emt 0:00:00]} f6 {[%emt 0:00:55]} 49. Qd2 Rb7 {[%emt 0:00:25]} 50. Bf2 {[%emt 0:00:00]} a5 {[%emt 0:01:45]} 51. Rxa5 {[%emt 0:00:00]} Rd6 {[%emt 0:00:31]} 52. Rd5 {[%emt 0:00:00]} Rbd7 {[%emt 0:01:50]} 53. Rxd6 {[%emt 0:00:00]} Rxd6 {[%emt 0:00:17]} 54. Bc5 {[%emt 0:00:00]} Rxd2 {[%emt 0:00:15]} 55. Bxe7 {[%emt 0:00:00]} Kf7 {[%emt 0:00:21]} 56. Bxb4 {[%emt 0:00:00]} Rxa2 {[%emt 0:00:24]} 57. Bc3 {[%emt 0:00:00]} Rc2 {[%emt 0:00:30]} 58. Ba5 {[%emt 0:00:00]} Rb2 {[%emt 0:00:43]} 59. b4 {[%emt 0:00:00]} Ke6 {[%emt 0:00:48]} 60. Rc6+ {[%emt 0:00:00]} 1-0

[Event "GER-ch Youth U16W 2020"]
[Site "Willingen"]
[Date "2020.10.23"]
[Round "6.3"]
[White "Pavlov, Liliane"]
[Black "Bardorz, Jana"]
[Result "0-1"]
[WhiteElo "1744"]
[BlackElo "1960"]
[Annotator "ChessBase"]
[PlyCount "100"]
[EventDate "2020.10.20"]
[EventType "swiss"]
[EventRounds "7"]
[EventCountry "GER"]
[SourceTitle "playchess.com"]
[Source "ChessBase"]
[SourceQuality "1"]
[TimeControl "40/5400+30:1800+30"]

1. d4 {[%emt 0:00:00]} Nf6 {[%emt 0:00:00]} 2. Nf3 {[%emt 0:00:00]} g6 {[%emt 0:00:00]} 3. g3 {[%emt 0:00:00]} Bg7 {[%emt 0:00:00]} 4. Bg2 {[%emt 0:00:00]} O-O {[%emt 0:00:00]} 5. O-O {[%emt 0:00:00]} d6 {[%emt 0:03:20]} 6. b3 {[%emt 0:00:10]} c6 {[%emt 0:02:41]} 7. Bb2 {[%emt 0:00:25]} Nbd7 {[%emt 0:04:18]} 8. c4 {[%emt 0:03:02]} Qb6 {[%emt 0:03:34]} 9. Qc2 {[%emt 0:02:32]} Re8 {[%emt 0:02:47]} 10. Nbd2 {[%emt 0:03:46]} e5 {[%emt 0:02:18]} 11. e4 {[%emt 0:01:07]} Nh5 {[%emt 0:06:44]} 12. d5 {[%emt 0:03:10]} Nc5 {[%emt 0:03:47]} 13. Ne1 {[%emt 0:05:59]} f5 {[%emt 0:04:01]} 14. dxc6 {[%emt 0:03:02]} bxc6 {[%emt 0:00:33]} 15. Nd3 {[%emt 0:01:58]} Nxe4 {[%emt 0:06:39]} 16. Nxe4 {[%emt 0:01:09]} fxe4 {[%emt 0:00:04]} 17. Bxe4 {[%emt 0:00:15]} Nf6 {[%emt 0:01:05]} 18. Bg2 {[%emt 0:00:31]} Bf5 {[%emt 0:01:19]} 19. Qd1 {[%emt 0:06:24]} Rad8 {[%emt 0:04:03]} 20. Kh1 {[%emt 0:04:38]} e4 {[%emt 0:05:47]} 21. Nf4 {[%emt 0:04:13]} Ng4 {[%emt 0:01:30]} 22. Bxg7 {[%emt 0:02:49]} Kxg7 {[%emt 0:00:20]} 23. Qe2 {[%emt 0:06:35]} e3 {[%emt 0:03:57]} 24. f3 {[%emt 0:02:56]} Nf2+ {[%emt 0:04:46]} 25. Kg1 {[%emt 0:00:09]} d5 {[%emt 0:05:52]} 26. g4 {[%emt 0:01:58]} Bd3 {[%emt 0:04:17]} 27. Nxd3 {[%emt 0:01:01]} Nxd3 {[%emt 0:00:06]} 28. Qxd3 {[%emt 0:02:18]} e2+ {[%emt 0:00:24]} 29. Kh1 {[%emt 0:00:38]} exf1=Q+ {[%emt 0:03:29]} 30. Rxf1 {[%emt 0:00:30]} Qe3 {[%emt 0:02:05]} 31. Qxe3 {[%emt 0:04:05]} Rxe3 {[%emt 0:00:24]} 32. f4 {[%emt 0:03:08]} d4 {[%emt 0:06:48]} 33. Bf3 {[%emt 0:10:24]} c5 {[%emt 0:04:49]} 34. Kg2 {[%emt 0:02:33]} Rde8 {[%emt 0:01:34]} 35. Kf2 {[%emt 0:00:44]} Rc3 {[%emt 0:01:31]} 36. Bd1 {[%emt 0:00:45]} Rd3 {[%emt 0:01:30]} 37. a4 {[%emt 0:01:15]} Rde3 {[%emt 0:02:13]} 38. Kg2 {[%emt 0:01:41]} Re1 {[%emt 0:01:04]} 39. Kf2 {[%emt 0:00:36]} Rxf1+ {[%emt 0:00:10]} 40. Kxf1 {[%emt 0:00:05]} Rf8 {[%emt 0:00:38]} 41. Ke2 {[%emt 0:31:02]} Rxf4 {[%emt 0:30:10]} 42. Kd3 {[%emt 0:00:08]} g5 {[%emt 0:02:53]} 43. h3 {[%emt 0:00:58]} a5 {[%emt 0:00:22]} 44. Be2 {[%emt 0:00:22]} Kf6 {[%emt 0:00:33]} 45. Bd1 {[%emt 0:00:20]} Ke5 {[%emt 0:00:25]} 46. Ke2 {[%emt 0:02:41]} h6 {[%emt 0:01:26]} 47. Bc2 {[%emt 0:00:20]} Rf6 {[%emt 0:00:48]} 48. Bd3 {[%emt 0:00:40]} Kf4 {[%emt 0:00:20]} 49. Kf2 {[%emt 0:00:55]} Re6 {[%emt 0:00:10]} 50. Bf5 {[%emt 0:07:05]} Re3 {[%emt 0:00:15]} 0-1